00661nam a2200193Ia 450000500170000000800410001702000230005804000190008104100120010008200150011210000250012724500550015226000420020730000310024950400380028065000210031865101180033985000100045720230711083843.0131103s9999 xx 000 0 und d a08526243 4cRs. 28 aLoreto College aEnglish a581.5bETH aEtherington, John R. aEnvironment and plant ecologycJohn R. Etherington aNew DelhibWiley Easter Limitedc1976 axii,347 p.b ill., figures aIncludes bibliographies and index aPlant ecology -  aSpecific topies in natural history of plants - Plants characteristics of specific enviroments - Plants ecology -  aLCLIB